• 首页
  • 本馆介绍
  • 公告通知
  • 最新文献
  • 馆藏检索
  • 电子资源
  • 读者导购
  • 参考咨询
  • 我的图书馆
  • 登录
  • 详细信息显示
  • 放入我的书架
  • 预约/预借图书
  • 作者相关作品
  • 分类相关作品
  • 丛书相关作品
  • 出版社相关作品

书目信息

  • 表格格式
  • 工作单格式
  • 卡片格式
书名: Understanding the political world
作者: James N. Danziger.
分册号:
分册名:
出版地: New York :
 
出版社: Longman
出版时间: c1991.
页数: xiv, 415 p. :
开本: 24 cm.
丛书名:
中图分类号:
科图分类号:
其他分类号: D5
主题词:
电子资源:
000 00938pam a2200265 a 450
001 E078756531
005 20070517104209.01
008 900328s1991 nyuab b 001 0 eng
010    @a90035583
020    @a0582290252.
035    @A(DLC) 90035583
040    @aDLC@cDLC@dDLC
050 00 @aJA66@b.D36 1991
082 00 @a320@2 20
090    @aD5
099    @dD5@ex2
100 1  @aDanziger, James N.
245 10 @aUnderstanding the political world :@ban introduction to political science / @cJames N. Danziger.
260    @aNew York :@bLongman,@cc1991.
300    @axiv, 415 p. :@bill., maps ;@c24 cm.
504    @aIncludes bibliographical references (p. 395-405) and index.
650  0 @aPolitical science.
906    @a7@bcbc@corignew@d1@eocip@f19@gy-gencatlg
955    @apc01 to br00 03-28-90; br27 to SCD 03-28-90; fe07 03-29-90; fp22 04-03-90; CIP ver. bd65 to SL 1-12-91
991    @bc-GenColl@hJA66@i.D36 1991@tCopy 1@wBOOKS
    
    Understanding the political world : : an introduction to political science / / James N. Danziger.-New York : : Longman, , c1991.
    xiv, 415 p. : : ill., maps ; ; 24 cm.
    Includes bibliographical references (p. 395-405) and index.
    
    ISBN 0582290252.
    
●
相关链接 在E读中查询图书 在五车中查询图书 在当当中查询图书 在豆瓣中查询图书


正题名:Understanding the political world     索取号:D5/x2         预约/预借

序号 登录号 条形码 馆藏地/架位号 状态 备注
1 10204   300102047   第二样本阅览室/ [索取号:D5/x2] 在馆    
2 10205   300102056   第四借阅区/ [索取号:D5/x2] 在馆    
唐山师范学院图书馆 欢迎您!
大连网信软件有限公司© 版权所有